Elements of Environmental Engineering (Record no. 614466)

000 -LEADER
fixed length control field 00276nam a22001217a 4500
020 ## - INTERNATIONAL STANDARD BOOK NUMBER
International Standard Book Number 81-219-2792-7
040 ## - CATALOGING SOURCE
Transcribing agency S. Chand
082 ## - DEWEY DECIMAL CLASSIFICATION NUMBER
Classification number 628 D8661 E
100 ## - MAIN ENTRY--PERSONAL NAME
Personal name K.N. Duggal
9 (RLIN) 130124
245 ## - TITLE STATEMENT
Title Elements of Environmental Engineering
300 ## - PHYSICAL DESCRIPTION
Extent 440p.
942 ## - ADDED ENTRY ELEMENTS (KOHA)
Source of classification or shelving scheme
Koha item type Book
Holdings
Withdrawn status Lost status Source of classification or shelving scheme Damaged status Not for loan Permanent Location Current Location Date acquired Total Checkouts Full call number Barcode Date last seen Price effective from Koha item type
          School of Chemical & Materials Engineering (SCME) School of Chemical & Materials Engineering (SCME) 07/24/2025   628 D8661 E SCME-D283 07/24/2025 07/24/2025 Book
© 2023 Central Library, National University of Sciences and Technology. All Rights Reserved.